Normal view MARC view

Entry Uniform Title

Number of records used in: 1

001 - CONTROL NUMBER

  • control field: 25235

003 - CONTROL NUMBER IDENTIFIER

  • control field: dpl

005 - DATE AND TIME OF LATEST TRANSACTION

  • control field: 20110107103959.0

008 - FIXED-LENGTH DATA ELEMENTS

  • fixed length control field: 110107|||a|||||| | ||| d

040 ## - CATALOGING SOURCE

  • Original cataloging agency: dpl
  • Transcribing agency: dpl

130 ## - HEADING--UNIFORM TITLE

  • Uniform title: लोकोदय ग्रन्थमाला : ग्रन्थांक 795

670 ## - SOURCE DATA FOUND

  • Source citation: Work cat.: (dpl)49190: केलेकर, रवीन्द्र 25234, पतझर में टूटी पत्तियाँ /, 2009

670 ## - SOURCE DATA FOUND

  • Source citation: Work cat.: (dpl)49190: केलेकर, रवीन्द्र 25234, पतझर में टूटी पत्तियाँ /, 2009

© Delhi Public Library
Hit Counter
free hit counter